Bhaskara Pattelarum ente jeevithavum/ (Record no. 181581)

000 -LEADER
fixed length control field 00406nam a2200169 4500
020 ## - INTERNATIONAL STANDARD BOOK NUMBER
ISBN 9788126410286
082 ## - DEWEY DECIMAL CLASSIFICATION NUMBER
Classification number M3
Item number ZAC/B
100 ## - MAIN ENTRY--AUTHOR NAME
Personal name Zachariah
245 ## - TITLE STATEMENT
Title Bhaskara Pattelarum ente jeevithavum/
Statement of responsibility, etc by Zachariah
250 ## - EDITION STATEMENT
Edition statement 8
260 ## - PUBLICATION, DISTRIBUTION, ETC. (IMPRINT)
Place of publication Kottayam:
Name of publisher D C Books,
Year of publication 2025.
300 ## - PHYSICAL DESCRIPTION
Number of Pages 56p.
650 ## - SUBJECT ADDED ENTRY--TOPICAL TERM
Topical Term Novel Malayalam
650 ## - SUBJECT ADDED ENTRY--TOPICAL TERM
Topical Term Literature Malayalam
650 ## - SUBJECT ADDED ENTRY--TOPICAL TERM
Topical Term Literature
942 ## - ADDED ENTRY ELEMENTS (KOHA)
Koha item type Book
Holdings
Withdrawn status Lost status Damaged status Not for loan Permanent Location Current Location Shelving location Date acquired Cost, normal purchase price Full call number Accession Number Price effective from Koha item type
        Sree Sankaracharya University of Sanskrit Sree Sankaracharya University of Sanskrit Stacks 18.05.2026 80.00 M3 ZAC/B 108565 18.05.2026 Book